000
00346pab a2200157 454500
008
180718b2009 xxu||||| |||| 00| 0 eng d
100
_a
Murthy, R.V.R.
245
_a
Penal system in Andaman
260
_c
2009
300
_a
p.167-83.
362
_a
Jan-Mar
650
_a
Penal sanctions
773
_a
Dialogue
908
_a
N
909
_a
82156
999
_c
82156
_d
82156